[Event "Recklinghausen op"]
[Site "Recklinghausen"]
[Date "1998.??.??"]
[Round "?"]
[White "Hausrath, Daniel"]
[Black "Feigin, Mihail"]
[Result "1/2-1/2"]
[WhiteElo "2385"]
[BlackElo "2500"]

1.Nf3 d5 2.g3 c6 3.Bg2 Bg4 4.d4 Nd7 5.O-O Ngf6 6.c4 e6 7.Nbd2 Bd6 8.Re1 O-O
9.e4 dxe4 10.Nxe4 Nxe4 11.Rxe4 Bh5 12.Qb3 Qb6 13.Bd2 c5  1/2-1/2

[Event "Recklinghausen op"]
[Site "Recklinghausen"]
[Date "1998.??.??"]
[Round "?"]
[White "Konietzka, Lutz"]
[Black "Hoffmann, Michael"]
[Result "0-1"]
[WhiteElo "2135"]
[BlackElo "2440"]

1.g3 d5 2.Nf3 Nf6 3.Bg2 e6 4.c4 dxc4 5.Qa4+ Nbd7 6.Qxc4 a6 7.O-O b5 8.Qb3 Bb7
9.d3 Be7 10.Nc3 c5 11.Ng5 Bxg2 12.Kxg2 Qb6 13.a4 c4 14.Qc2 Qb7+ 15.Kg1 h6
16.Nge4 b4 17.Nxf6+ Nxf6 18.Nd1 cxd3 19.Qxd3 O-O 20.Bf4 Rfd8 21.Qb3 Qd5 22.Qxd5 Nxd5
23.Bd2 Rac8 24.Rc1 Rxc1 25.Bxc1 Rc8 26.Ne3 Nxe3 27.Bxe3 Rc2 28.Rc1 Rxb2 29.Rc6 Bf6
30.Rxa6 b3 31.Rd6 Rb1+ 32.Kg2 b2 33.Rb6 Ra1  0-1

[Event "Regensburg op"]
[Site "Regensburg"]
[Date "1998.??.??"]
[Round "5"]
[White "Maiwald, Jens Uwe"]
[Black "Hiermann, Dietmar"]
[Result "1-0"]
[WhiteElo "2460"]
[BlackElo "2140"]

1.Nf3 d5 2.g3 Nf6 3.Bg2 g6 4.O-O Bg7 5.d3 O-O 6.c3 c5 7.Nbd2 Nc6 8.e4 e6
9.Re1 b6 10.a3 Bb7 11.e5 Nd7 12.d4 a5 13.Nf1 Qc7 14.h4 Rae8 15.Bh3 Ba6 16.N1h2 Ne7
17.Bg5 h6 18.Bf4 Qc6 19.Qd2 Kh7 20.a4 Ra8 21.h5 gxh5 22.Nh4 Ng6 23.Qd1 Nxh4
24.gxh4 f6 25.exf6 Rxf6 26.Bg3 Rg8 27.Qxh5 Bd3 28.Re3 Be4 29.Rae1 cxd4 30.cxd4 Rg6
31.Qd1 e5 32.Rxe4 dxe4 33.Bf5 Kh8 34.Bxe4 Rxg3+ 35.fxg3 Qc7 36.d5 Bf8 37.Qf3 Nc5
38.Kg2 Nxa4 39.Ng4 Bb4 40.Nxh6 Bxe1 41.Qf6+ Qg7 42.Nf7+  1-0

[Event "SWE-ch qualB"]
[Site "Ronneby"]
[Date "1998.??.??"]
[Round "?"]
[White "Zetterberg, Staffan"]
[Black "Wikstrom, Per"]
[Result "1/2-1/2"]
[WhiteElo "2200"]
[BlackElo "2195"]

1.Nf3 d5 2.g3 Nf6 3.Bg2 h6 4.O-O Bf5 5.b3 e6 6.Bb2 Be7 7.d3 O-O 8.Nbd2 c6
9.e3 a5 10.a3 Nbd7 11.Qe2 Bh7 12.e4 dxe4 13.dxe4 Nc5 14.Ne5 Qb6 15.Ng4 Qa6
16.Qxa6 Nxa6 17.Nxf6+ Bxf6 18.Bxf6 gxf6 19.Nc4 Nc5 20.f3 b5 21.Ne3 Rfd8 22.Rfd1 e5
23.Kf2 Rd4 24.Bh3 Rad8 25.Ke2  1/2-1/2

[Event "SWE-ch qualA"]
[Site "Ronneby"]
[Date "1998.??.??"]
[Round "?"]
[White "Lind, Jan Olov"]
[Black "Eriksson, Mats"]
[Result "0-1"]
[WhiteElo "2310"]
[BlackElo "2260"]

1.Nf3 d5 2.g3 Nf6 3.Bg2 Bf5 4.O-O h6 5.d3 e6 6.e3 Be7 7.Nbd2 O-O 8.Qe2 c5
9.e4 Bh7 10.Ne5 Qc7 11.f4 Nc6 12.Nxc6 Qxc6 13.e5 Nd7 14.Kh1 f6 15.exf6 Bxf6
16.Nf3 b5 17.g4 Rae8 18.g5 hxg5 19.fxg5 Bd8 20.Nh4 Rxf1+ 21.Qxf1 Ne5 22.Qe2 Ng6
23.Nxg6 Bxg6 24.h4 Qd6 25.Be3 Bc7 26.Bg1 Kf7 27.Qf2+ Bf5 28.Qxc5 Qg3 29.Qf2 Qg4
30.Bh2 Bxh2 31.Kxh2 Rh8 32.Rh1 Rxh4+ 33.Kg1 Qd1+ 34.Qf1 Rxh1+ 35.Kxh1 Qh5+
36.Kg1 Qxg5 37.Qf2 Kg6 38.b3 Bh3 39.c4 bxc4 40.dxc4 Bxg2  0-1

[Event "SWE-ch qualA"]
[Site "Ronneby"]
[Date "1998.??.??"]
[Round "?"]
[White "Johansson, Toni"]
[Black "Rundqvist, Patrik"]
[Result "0-1"]
[WhiteElo "2110"]
[BlackElo "2175"]

1.Nf3 d5 2.g3 g6 3.Bg2 Bg7 4.O-O e5 5.d3 c6 6.e4 Ne7 7.Re1 dxe4 8.Rxe4 Qc7
9.Qe1 f6 10.Re2 c5 11.c3 Bg4 12.d4 Nd7 13.h3 Bxf3 14.Bxf3 Kf7 15.Na3 Rhe8
16.Be3 f5 17.dxe5 Nxe5 18.Bg2 Rad8 19.Bf4 Nd5 20.Bxe5 Rxe5 21.Rxe5 Bxe5 22.Rd1 Ke6
23.f4 Nxf4 24.gxf4 Rxd1 25.Qxd1 Bxf4 26.Qd5+ Kf6 27.Nc4 Qe7 28.Kf2 b5 29.Qc6+ Kg5
30.Qxb5 Kh4 31.Qc6 Bg3+ 32.Kf3 Qe1  0-1

[Event "Saint Quentin op"]
[Site "Saint Quentin"]
[Date "1998.??.??"]
[Round "2"]
[White "Velikov, Petar"]
[Black "Thierry, Patrice"]
[Result "1-0"]
[WhiteElo "2475"]
[BlackElo "2135"]

1.Nf3 d5 2.g3 Nf6 3.Bg2 e6 4.O-O Be7 5.c4 c6 6.b3 O-O 7.Bb2 Ne4 8.Qc2 Bf6
9.Ne5 Nd6 10.d4 Be7 11.Nd2 f6 12.Nd3 f5 13.Rae1 Nd7 14.f3 b6 15.e4 Bb7 16.Nf4  1-0

[Event "ESP-chT"]
[Site "Salamanca"]
[Date "1998.??.??"]
[Round "1"]
[White "Garcia Padron, Jose"]
[Black "Garcia Caballero, Luis"]
[Result "1-0"]
[WhiteElo "2460"]
[BlackElo "2200"]

1.Nf3 d5 2.g3 c5 3.Bg2 Nc6 4.O-O e5 5.d3 Be7 6.c4 d4 7.e3 dxe3 8.Bxe3 Bf5
9.Qa4 Qd7 10.Nc3 Nf6 11.Nd5 O-O 12.Nxe5 Nxe5 13.Qxd7 Bxd7 14.Nxe7+ Kh8 15.Bxc5 Nxd3
16.Ba3 Rfe8 17.b3 a5 18.Bxb7 Ra7 19.Bg2 Nb4 20.Bxb4 axb4 21.Nc6 Bxc6 22.Bxc6 Re2
23.Bf3 Rexa2 24.Rxa2 Rxa2 25.Rd1 g6 26.c5 Rc2 27.c6 Rc3 28.Kg2 Kg7 29.Rd4 g5
30.Rxb4 h5 31.Rc4 Rxc4 32.bxc4 Ne8 33.Bxh5 Nc7 34.Kf3 f5 35.h4 g4+ 36.Ke3 Kf6
37.Kd4 Ne6+ 38.Kd5 Ke7 39.Ke5  1-0

[Event "Balazs mem op"]
[Site "Salgotarjan"]
[Date "1998.??.??"]
[Round "8"]
[White "Szabo, Zsolt Jozsef"]
[Black "Seres, Lajos"]
[Result "1/2-1/2"]
[WhiteElo "2430"]
[BlackElo "2420"]

1.Nf3 d5 2.g3 g6 3.d4 Bg7 4.Bg2 Nf6 5.O-O O-O 6.c4 c6 7.b3 Bf5 8.Bb2 Nbd7
9.Nbd2 Ne4 10.e3 Nxd2 11.Qxd2 Be4 12.Ne1 Bxg2 13.Nxg2 e6 14.Nf4 Nf6 15.Qe2 Re8
16.Nd3 Ne4  1/2-1/2

[Event "Samobor"]
[Site "Samobor"]
[Date "1998.??.??"]
[Round "3"]
[White "Badea, Bela"]
[Black "Damjanovic, Mato"]
[Result "1-0"]
[WhiteElo "2545"]
[BlackElo "2330"]

1.Nf3 d5 2.g3 Nf6 3.Bg2 c6 4.h3 g6 5.b3 Bg7 6.Bb2 O-O 7.O-O a5 8.a4 Qb6 9.d3 Na6
10.Nbd2 Nh5 11.Bxg7 Kxg7 12.Kh2 Qc5 13.d4 Qc3 14.Rc1 Nf6 15.e3 Bf5 16.g4 Bc8
17.Ne5 Qb4 18.f4 Qd6 19.c3 c5 20.Qf3 cxd4 21.exd4 e6 22.Qg3 h5 23.f5 hxg4
24.fxg6 fxg6 25.Qd3  1-0

[Event "Samobor"]
[Site "Samobor"]
[Date "1998.??.??"]
[Round "7"]
[White "Badea, Bela"]
[Black "Sitnik, Igor"]
[Result "1/2-1/2"]
[WhiteElo "2545"]
[BlackElo "2255"]

1.Nf3 d5 2.g3 Nf6 3.Bg2 e6 4.O-O Be7 5.d3 O-O 6.Nbd2 c5 7.e4 Nc6 8.e5 Nd7
9.Re1 Qc7 10.Qe2 b5 11.Nf1 Bb7 12.Bf4 d4 13.h4 Nb4 14.N1h2 Nd5 15.Bd2 a5
16.a3 a4 17.Ng5 h6 18.Ngf3 Rfd8 19.Rac1 Qb6 20.c4 dxc3 21.bxc3 b4 22.c4 Nc7
23.Bf4 b3 24.Rb1 Nb8 25.Nd2 Bxg2 26.Kxg2 Ne8 27.Ne4 Bf8 28.g4 Nc6 29.g5 Nd4
30.Qg4 h5 31.Qxh5 g6 32.Qg4 Bg7 33.Nf6+ Kf8 34.Bc1 Qc6+ 35.Kg1 Nf5 36.Qe4  1/2-1/2

[Event "San Francisco Linklater"]
[Site "San Francisco"]
[Date "1998.??.??"]
[Round "5"]
[White "Wolski, Thomas"]
[Black "Cusi, Ronald"]
[Result "1-0"]
[WhiteElo "2315"]
[BlackElo "2375"]

1.Nf3 d5 2.g3 c6 3.Bg2 Nf6 4.O-O Bg4 5.d4 Nbd7 6.Nbd2 e6 7.Re1 Be7 8.e4 O-O
9.c3 Rc8 10.b4 a5 11.a3 Ra8 12.e5 Ne8 13.Nb3 b6 14.Be3 Nc7 15.Qc1 Bf5 16.Bf1 Kh8
17.h3 a4 18.Nbd2 c5 19.Qb2 cxb4 20.cxb4 b5 21.Nb1 Nb6 22.Nc3 Qd7 23.Nd2 Rac8
24.Rad1 Rfd8 25.f4 h6 26.Bg2 Bd3 27.Kh2 Nca8 28.Rc1 Rc7 29.Na2 Nc4 30.Nxc4 Bxc4
31.Qd2 Rdc8 32.Nc3 Nb6 33.f5 exf5 34.Bxh6 Bb3 35.Bf4 Nc4 36.Qe2 g5 37.Qh5+ Kg7
38.Bxg5 Rh8 39.Bf6+ Bxf6 40.exf6+ Kg8 41.Qg5+  1-0

[Event "San Francisco Linklater"]
[Site "San Francisco"]
[Date "1998.??.??"]
[Round "8"]
[White "Cusi, Ronald"]
[Black "Shipman, Walter"]
[Result "1/2-1/2"]
[WhiteElo "2375"]
[BlackElo "2350"]

1.Nf3 d5 2.g3 Nf6 3.Bg2 e6 4.O-O Be7 5.d3 O-O 6.Nbd2 Nc6 7.e4 dxe4 8.dxe4 e5
9.Qe2 Bg4 10.c3 Qd7 11.Re1 Rfe8 12.Nc4 Bf8 13.Bg5 Qe6 14.Ne3 Bh5 15.Bxf6 Qxf6
16.Nd5 Qd8 17.Rad1 Bd6 18.h3 Ne7 19.g4 Nxd5 20.Rxd5 Bg6 21.Red1 Qe7 22.Nd2 c6
23.Rd3 Rad8 24.Nc4 Bc7 25.Ne3 Rxd3 26.Rxd3 Rd8 27.Qd2 Rxd3 28.Qxd3 Qd6 29.Qxd6 Bxd6
30.Nf5 Bxf5  1/2-1/2

[Event "San Francisco Linklater"]
[Site "San Francisco"]
[Date "1998.??.??"]
[Round "9"]
[White "Wolski, Thomas"]
[Black "Cartagena, Omar"]
[Result "1/2-1/2"]
[WhiteElo "2315"]
[BlackElo "2430"]

1.Nf3 d5 2.g3 c6 3.Bg2 Nf6 4.O-O Bg4 5.d4 e6 6.Nbd2 Nbd7 7.Re1 Be7 8.e4 dxe4
9.Nxe4 Nxe4 10.Rxe4 Nf6 11.Re1  1/2-1/2

[Event "San Jose op"]
[Site "San Jose"]
[Date "1998.??.??"]
[Round "3"]
[White "Gines, Pedro"]
[Black "Navarro Alonso, Jorge Luis"]
[Result "1/2-1/2"]
[WhiteElo "2200"]
[BlackElo "1935"]

1.Nf3 d5 2.g3 g6 3.Bg2 Bg7 4.d4 Nf6 5.O-O O-O 6.c4 c6 7.cxd5 cxd5 8.Nc3 Nc6
9.Ne5 e6 10.f4 Qb6 11.e3 Nd7 12.Nd3 Qd8 13.Qc2 Qe7 14.Bd2 Nb6 15.b3 Rd8 16.a4 Bd7
17.Rac1 Be8 18.Qa2 Nc8 19.Rc2 Nd6 20.Qa3 Nf5 21.Qxe7 Nfxe7 22.Nb1 Rac8 23.Rfc1 b6
24.Bf1 Nb8 25.Nb4 Rxc2 26.Rxc2 Rc8 27.Rxc8 Nxc8 28.Na6 Nxa6 29.Bxa6 Nd6 30.Bb4 Ne4
31.Bd3 f5 32.Bxe4 fxe4 33.Bd6 Kf7 34.Nc3 Bc6 35.b4 Ke8 36.b5 Bb7 37.Bb8 Kd8
38.Bxa7 Kc7 39.a5 bxa5 40.Bc5 Bf6 41.Kf2 Bc8 42.Ke1 Bd8 43.Kd1 g5 44.fxg5 Bxg5
45.Kd2 Bd7 46.h4 Bd8 47.Kc2 h5 48.Kb3 Kb7 49.Bd6 Bc7 50.Bxc7 Kxc7 51.Ne2 Bxb5
52.Nf4 Be8 53.Nxe6+ Kb6 54.Ka3 Bf7 55.Ng5 Bg6 56.Ka4 Be8+ 57.Kb3 Bg6 58.Nh3 Kb5
59.Nf2 Bf5  1/2-1/2

[Event "San Jose op"]
[Site "San Jose"]
[Date "1998.??.??"]
[Round "6"]
[White "Gines, Pedro"]
[Black "Baldellou, R."]
[Result "1-0"]
[WhiteElo "2200"]
[BlackElo "2120"]

1.Nf3 d5 2.g3 e6 3.Bg2 c6 4.O-O Bd6 5.d4 f5 6.b3 Nf6 7.Ba3 O-O 8.Qc1 Ne4
9.Bxd6 Qxd6 10.Ne5 Nd7 11.f4 c5 12.c3 b5 13.Bxe4 Nxe5 14.dxe5  1-0

[Event "Santa Barbara d'Oeste tt"]
[Site "Santa Barbara d'Oeste "]
[Date "1998.??.??"]
[Round "3"]
[White "Soppe, Guillermo"]
[Black "Rodrigues, Adriano Pfuhl"]
[Result "1/2-1/2"]
[WhiteElo "2455"]
[BlackElo "2310"]

1.Nf3 d5 2.g3 Bg4 3.Bg2 Nd7 4.O-O c6 5.d3 Ngf6 6.Nbd2 e5 7.e4 dxe4 8.dxe4 Bc5
9.h3 Bxf3 10.Qxf3 O-O 11.a4 a5 12.Nc4 Qc7 13.h4 Rfd8 14.Ne3 Bf8 15.Nf5 Nc5
16.Qe2 Ne6 17.c3 Nd7 18.h5 Ndc5 19.Be3 Rd7 20.Qc4 Rad8 21.Bh3 Rd3 22.Rfe1 Qb8
23.Bf1 b5 24.axb5 cxb5 25.Qa2 R3d7  1/2-1/2

[Event "Sao Bernardo tt"]
[Site "Sao Bernardo"]
[Date "1998.??.??"]
[Round "3"]
[White "Braga, Cicero"]
[Black "Van Riemsdijk, Herman C"]
[Result "1/2-1/2"]
[WhiteElo "2430"]
[BlackElo "2375"]

1.g3 d5 2.Nf3 Bg4 3.Bg2 e6 4.d4 Nd7 5.Nbd2 Ngf6 6.O-O Be7 7.Re1 O-O 8.e4 dxe4
9.Nxe4 c5 10.dxc5 Nxc5 11.Qxd8 Raxd8 12.Nxc5 Bxc5 13.Ne5  1/2-1/2

[Event "Sao Bernardo tt"]
[Site "Sao Bernardo"]
[Date "1998.??.??"]
[Round "4"]
[White "Braga, Cicero"]
[Black "Pelikian, Jefferson"]
[Result "1/2-1/2"]
[WhiteElo "2430"]
[BlackElo "2395"]

1.g3 d5 2.Nf3 c6 3.Bg2 Nf6 4.O-O Bg4 5.d4 Nbd7 6.Nbd2 e6 7.Re1 Be7 8.e4 dxe4
9.Nxe4 Nxe4 10.Rxe4 Nf6 11.Re1 O-O 12.c3 h6 13.Qb3 Qb6 14.Ne5 Bf5 15.Nc4 Qa6
16.a4 Bc2 17.Qxc2 Qxc4 18.a5 Qa6 19.Bd2 b5 20.axb6 Qxb6 21.b4 Nd5 22.Ra5 Qb7
23.Qa4 Bd8 24.Rc5 Rc8 25.c4 Ne7 26.b5 Bb6 27.bxc6 Qc7 28.Rb5 Bxd4 29.Rb7 Qd6
30.Bb4 Bxf2+ 31.Kxf2 Qd4+ 32.Kf1 Qxc4+ 33.Kg1 Nxc6 34.Bxc6 Rxc6 35.Qxa7 Ra6
36.Qf2 Ra2 37.Qc5 Qxc5+ 38.Bxc5 Rc8 39.Ra7 Rxa7 40.Bxa7 Rc2 41.Rf1 f6 42.Rf2 Rc6
43.Be3 Kf7 44.Ra2 Kg6 45.Kf2 h5 46.Kf3 Kf5 47.h3 g5 48.Ra5+ Kg6 49.Ra7 Rc4
50.Ra5 g4+ 51.hxg4 hxg4+ 52.Ke2 e5  1/2-1/2

[Event "Paulisto-chT"]
[Site "Sao Paulo"]
[Date "1998.??.??"]
[Round "2"]
[White "Van Riemsdijk, Vinicius"]
[Black "Gerbelli, Eduardo"]
[Result "1-0"]
[WhiteElo "2125"]
[BlackElo "2230"]

1.Nf3 d5 2.g3 Nf6 3.Bg2 c5 4.O-O Nc6 5.d4 e6 6.c3 Be7 7.Nbd2 b6 8.Ne5 Nxe5
9.dxe5 Nd7 10.f4 Bb7 11.e4 Qc7 12.Qg4 g6 13.exd5 exd5 14.e6 Nf6 15.exf7+ Kxf7
16.Qe2 Bd6 17.Nf3 Rhe8 18.Ng5+ Kg8 19.Qc2 Re7 20.f5 Ba6 21.Bd2 Bxf1 22.Rxf1 Rae8
23.fxg6 Ne4 24.Qd3 Qc6 25.Bxe4 dxe4 26.Qc4+ Kh8 27.Nf7+ Kg7 28.Bh6+ Kxg6
29.Qe2 Qd7 30.Qd2 Re5 31.Nxe5+ Rxe5 32.Bf8 e3 33.Qd3+ Kh5 34.Bxd6 e2 35.Qf3+ Qg4
36.Qxg4+  1-0

[Event "Staufer op 10th"]
[Site "Schwaebisch Gmuend"]
[Date "1998.??.??"]
[Round "4"]
[White "Safranska, Anda"]
[Black "Klovans, Janis"]
[Result "1/2-1/2"]
[WhiteElo "2295"]
[BlackElo "2460"]

1.Nf3 d5 2.g3 Nf6 3.Bg2 e6 4.b3 c5 5.O-O Nc6 6.Bb2 Be7 7.d3 O-O 8.Nbd2 b6
9.e4 Bb7 10.Re1 Qc7 11.e5 Nd7 12.h4 b5 13.Qe2 Rfc8 14.Nf1 c4 15.d4 a5 16.a3 Qb6
17.Red1 Ba6  1/2-1/2

[Event "Staufer op 10th"]
[Site "Schwaebisch Gmuend"]
[Date "1998.??.??"]
[Round "7"]
[White "Badea, Bela"]
[Black "Schlindwein, Rolf"]
[Result "1/2-1/2"]
[WhiteElo "2545"]
[BlackElo "2425"]

1.Nf3 d5 2.g3 Nf6 3.Bg2 g6 4.c4 c6 5.b3 Bg7 6.Bb2 O-O 7.O-O Nbd7 8.Qc2 Re8
9.d4 Ne4 10.Nc3 Nxc3 11.Bxc3 Nf6 12.e3 Bf5 13.Qe2 Be4 14.Rfc1 Qd6 15.Bf1 Bxf3
16.Qxf3 Ne4 17.Be1 e5 18.dxe5 Qxe5 19.cxd5 Ng5 20.Qg2 Qxd5 21.Qxd5 cxd5 22.Bc3 d4
23.exd4 Rac8 24.Bb2 Nf3+ 25.Kg2 Nxd4 26.Rxc8 Rxc8 27.Rd1 Ne6 28.Bxg7 Kxg7
29.Bc4 Rc7 30.f4 b5 31.Bxb5 Rc2+ 32.Kf3 Rxa2 33.Bc4 Rxh2 34.Rd7 Kf6 35.Rxa7 h5
36.Rd7 h4  1/2-1/2

[Event "Staufer op 10th"]
[Site "Schwaebisch Gmuend"]
[Date "1998.??.??"]
[Round "9"]
[White "Badea, Bela"]
[Black "Lindoerfer, Klaus"]
[Result "1-0"]
[WhiteElo "2545"]
[BlackElo "2260"]

1.Nf3 d5 2.g3 c5 3.Bg2 Nc6 4.d4 e6 5.O-O Nf6 6.c4 Be7 7.cxd5 exd5 8.dxc5 Bxc5
9.Nc3 d4 10.Na4 Bb6 11.Nxb6 Qxb6 12.e3 Bg4 13.h3 Bxf3 14.Bxf3 Rd8 15.exd4 O-O
16.Bxc6 bxc6 17.Qc2 Qxd4 18.Be3 Qd7 19.Kh2 Nd5 20.Bc5 Rfe8 21.Rfe1 h5 22.Qa4 Qf5
23.Bxa7 Rxe1 24.Rxe1 Ra8 25.Qd4 f6 26.a3 h4 27.Bc5 Ra5 28.Bd6 c5 29.Qd2 Rb5
30.gxh4 Rb3 31.Bg3 Rd3 32.Qe2 c4 33.h5 c3 34.bxc3 Rxc3 35.Ra1 Qxh3+ 36.Kxh3 Nf4+
37.Kg4 Nxe2 38.a4 Rc4+ 39.Kf3 Nxg3 40.fxg3 Rc8 41.a5 Ra8 42.a6 Ra7 43.Ke4 Kh7
44.Kf5 Kh6 45.g4 Kh7 46.Ke6 Kh6 47.Kd6 f5 48.gxf5 Kxh5 49.f6 g5 50.f7 Rxf7
51.a7 Rxa7 52.Rxa7  1-0

[Event "Seefeld op 9th"]
[Site "Seefeld"]
[Date "1998.??.??"]
[Round "1"]
[White "Rantner, Otto"]
[Black "Voss, Ingo"]
[Result "1/2-1/2"]
[WhiteElo "1800"]
[BlackElo "2205"]

1.Nf3 d5 2.g3 Bf5 3.d3 Nd7 4.a3 e5 5.Bg2 Ngf6 6.Nbd2 c6 7.b4 a5 8.Bb2 Qc7
9.c3 Bd6 10.O-O Qb6 11.Nb3 axb4 12.cxb4 O-O 13.Rc1 Rfe8 14.e3 h6 15.Re1 Bg4
16.e4 d4 17.Nbd2 Qc7 18.h3 Bxf3 19.Bxf3 Nb6  1/2-1/2

[Event "RUS-chJ Girls"]
[Site "Sochi"]
[Date "1998.??.??"]
[Round "?"]
[White "Andreeva, Natalija"]
[Black "Kazarova, Irina"]
[Result "1-0"]
[WhiteElo "2140"]
[BlackElo "2180"]

1.Nf3 d5 2.g3 c6 3.Bg2 Bg4 4.b3 Nd7 5.Bb2 Ngf6 6.d3 Qc7 7.Nbd2 e5 8.O-O Bd6
9.c4 O-O 10.Rc1 Qd8 11.h3 Bh5 12.cxd5 cxd5 13.Nh4 Re8 14.Nf5 Bc7 15.Nf3 Rc8
16.Ba3 Nb8 17.b4 g6 18.Ne3 Bxf3 19.Bxf3 Nc6 20.Ng4 e4 21.dxe4 dxe4 22.Qxd8 Bxd8
23.Bg2 Be7 24.Nxf6+ Bxf6 25.e3 Re6 26.b5 Ne7 27.Rxc8+ Nxc8 28.Rc1 Nd6 29.Bxe4 Nxe4
30.Rc8+ Bd8 31.Rxd8+ Kg7 32.Rd7 Rb6 33.Bb2+ Kf8 34.a4 Nc5 35.Ba3 Ke8 36.Bxc5 Kxd7
37.Bxb6 axb6 38.Kf1 Kd6 39.Ke2 Kd5 40.Kd3 f5 41.f3 Ke5 42.e4 g5 43.Ke3 fxe4
44.fxe4 h5 45.h4 gxh4 46.gxh4  1-0

[Event "RUS-ch U20"]
[Site "Sochi"]
[Date "1998.??.??"]
[Round "2"]
[White "Kokorev, Dmitry"]
[Black "Kobalija, Mihail"]
[Result "1/2-1/2"]
[WhiteElo "2280"]
[BlackElo "2500"]

1.g3 d5 2.Nf3 c6 3.Bg2 Bg4 4.c4 e6 5.cxd5 exd5 6.O-O Nf6 7.d3 Be7 8.b3 O-O
9.Bb2 Nbd7 10.h3 Bh5 11.Nd4 Bc5 12.g4 Bg6 13.f4 Qb6 14.e3 Rfe8 15.Qd2 Rxe3
16.Qxe3 Re8 17.Qf2 Bxd3 18.Rd1 Re2 19.Rxd3 Rxf2 20.Kxf2 Qc7 21.Bc1 g5 22.Nc3 gxf4
23.Kf1 Qb6 24.Nce2 Qa6 25.Rd1 Bd6 26.Ke1 c5 27.Nf3 d4 28.Nxf4 Ne4  1/2-1/2

[Event "RUS-ch"]
[Site "Sochi"]
[Date "1998.??.??"]
[Round "6"]
[White "Zhelesny, Stanislav"]
[Black "Seoev, Robert"]
[Result "0-1"]
[WhiteElo "2290"]
[BlackElo "2210"]

1.Nf3 d5 2.g3 c6 3.Bg2 Bg4 4.d4 e6 5.Ne5 Bh5 6.c4 Nf6 7.Nc3 Nbd7 8.cxd5 cxd5
9.Bg5 Be7 10.O-O O-O 11.Qb3 Nxe5 12.dxe5 Nd7 13.Bxe7 Qxe7 14.Qxb7 Rfb8 15.Qc7 Rc8
16.Qd6 Qxd6 17.exd6 Rab8  0-1

[Event "Solin"]
[Site "Solin"]
[Date "1998.??.??"]
[Round "3"]
[White "Nikolac, Juraj"]
[Black "Giorgadze, Giorgi"]
[Result "0-1"]
[WhiteElo "2435"]
[BlackElo "2605"]

1.Nf3 d5 2.g3 Nc6 3.d4 Bf5 4.c3 e6 5.Qb3 a6 6.Bg2 Nf6 7.Bg5 Be7 8.Nbd2 O-O
9.O-O b5 10.Rfe1 Ne4 11.Bxe7 Qxe7 12.Qd1 h6 13.Nb3 Qf6 14.Qc1 e5 15.dxe5 Nxe5
16.Nxe5 Qxe5 17.Qe3 Rfe8 18.Bxe4 dxe4 19.Rad1 a5 20.Rd2 Bg4 21.Red1 Qg5 22.Qxg5 hxg5
23.Nd4 b4 24.cxb4 axb4 25.Nc6 Rxa2 26.Nxb4 e3 27.fxe3 Ra5 28.Rd8 Rxd8 29.Rxd8+ Kh7
30.Nd5 Rb5 31.b4 c6 32.Ne7 Rxb4 33.Nxc6 Rb1+ 34.Kf2 Bh3 35.e4 Rh1 36.Ne5 Rxh2+
37.Kf3 Be6 38.Nd7 Bc4 39.Nf8+ Kh6 40.Ne6 g4+  0-1

[Event "Solin"]
[Site "Solin"]
[Date "1998.??.??"]
[Round "8"]
[White "Anic, Darko"]
[Black "Kovacevic, Vlatko"]
[Result "1/2-1/2"]
[WhiteElo "2455"]
[BlackElo "2520"]

1.Nf3 d5 2.g3 c6 3.Bg2 Bf5 4.d3 e6 5.Nbd2 Nf6 6.O-O h6 7.b3 Be7 8.Bb2 O-O
9.e3 a5 10.a4 Na6 11.Qe2 Bh7 12.e4 Nb4 13.Ne1 b5 14.Kh1 bxa4 15.Rxa4 Nd7
16.Ra1 Bf6 17.d4 Qb6 18.c3 Na6 19.Nd3 Rfe8 20.f4 Nc7 21.Ba3 Nb5 22.Nc5 Qc7
23.Nxd7 Qxd7 24.Bb2 c5 25.dxc5 Nxc3 26.Bxc3 Bxc3 27.Rac1 Bb4 28.c6 Qc7 29.Rfd1 Rad8
30.exd5 exd5 31.Qb5 Rb8 32.Qf1 Red8 33.Nf3 Ba3 34.Rc3 Bb2 35.Rc5 Be4 36.Nd2 Ba3
37.Nxe4 dxe4 38.Re5 Qxc6 39.Bxe4 Qc3 40.Bd5 Re8  1/2-1/2

[Event "ROM-chT"]
[Site "Sovata"]
[Date "1998.??.??"]
[Round "1"]
[White "Badea, Bela"]
[Black "Komarov, Dimitri"]
[Result "1/2-1/2"]
[WhiteElo "2545"]
[BlackElo "2580"]

1.Nf3 d5 2.g3 Nc6 3.Bg2 e5 4.d3 Nf6 5.O-O Be7 6.b3 O-O 7.Bb2 e4 8.dxe4 Nxe4
9.Qc1 Be6 10.Nbd2 Bf6 11.c3 Re8 12.Rd1 Nxd2 13.Rxd2 Qc8 14.e3 a6 15.Qf1  1/2-1/2

[Event "ROM-chT"]
[Site "Sovata"]
[Date "1998.??.??"]
[Round "2"]
[White "Badea, Bela"]
[Black "Varga, Zoltan"]
[Result "1/2-1/2"]
[WhiteElo "2545"]
[BlackElo "2520"]

1.Nf3 d5 2.g3 c6 3.Bg2 Bg4 4.b3 Nd7 5.Bb2 e6 6.O-O a5 7.a3 Ngf6 8.d3 Bc5
9.Nbd2 O-O 10.Qe1 Re8 11.e4 e5 12.h3 dxe4 13.dxe4 Bh5 14.Nc4 b5 15.Ncd2 h6
16.Nh4 Nh7 17.Nf5 Ng5 18.Kh2 Ne6 19.Nf3 Qc7 20.N3h4 Kh7 21.Bf3 Bg6 22.Nxg6 fxg6
23.Ne3 Bd4 24.c3 Bb6 25.Rd1 Rad8 26.h4 Qa7 27.Bc1  1/2-1/2

[Event "Split"]
[Site "Split"]
[Date "1998.??.??"]
[Round "8"]
[White "Gyorkos, Lajos"]
[Black "Glavas, Dragan"]
[Result "1/2-1/2"]
[WhiteElo "2435"]
[BlackElo "2300"]

1.Nf3 d5 2.g3 c6 3.Bg2 Bg4 4.O-O Nd7 5.d3 e6 6.c4 Bd6 7.Nc3 Ne7 8.Rb1 O-O
9.b4 Ne5 10.c5 Bc7 11.Nxe5 Bxe5 12.d4 Bf6 13.Bf4 Re8 14.b5 Ng6 15.bxc6 bxc6
16.Qa4 Nxf4 17.gxf4 Qc7 18.e3 Bf5 19.Rbc1 Bg6 20.Rfd1 Reb8 21.Rd2 Rb7 22.Bf1 Rab8
23.Qa6 Bd8 24.Bd3 f5 25.a3 Be8 26.Na2 Rb3 27.Nb4 Qa5 28.Ra2 Qxa6 29.Bxa6 Ba5
30.Nd3 Kf7 31.Rcc2 Ke7 32.f3 Bd7 33.Kf2 Bc8 34.Bxc8 Rxd3 35.Ba6 Rd1 36.Rab2 Rb1
37.Rxb8 Rxb8 38.Ra2 Kd7 39.Bd3 Bd8 40.Ke2 Rb3 41.Bc2 Rb8 42.Kd3 h6 43.Ra1 g5
44.fxg5 hxg5 45.Rb1 Rc8 46.Rg1 Bf6 47.Rg2 Rh8 48.Bd1 Rh4 49.Ba4 e5 50.dxe5 Bxe5
51.Bb3 Bf6 52.Re2 Rh3 53.Rf2 Be7 54.Kd4 Ke6 55.Ba4 Rh4+ 56.f4 Bf6+ 57.Kd3 gxf4
58.Rxf4 Rxf4 59.exf4 Bb2 60.Bxc6 Bxa3 61.Kd4 Bb2+ 62.Kd3 a5 63.h4 Bc1 64.Kd4 Bxf4
65.Bxd5+ Kf6 66.Kc4 Bg3 67.Kb5 Bc7 68.Bf3 Ke5 69.h5 Bd8 70.c6 Kf6 71.Ka4 Kg5
72.Kb5  1/2-1/2

[Event "Petrov mem"]
[Site "St Petersburg"]
[Date "1998.??.??"]
[Round "2"]
[White "Driamin, Dmitrij"]
[Black "Vaulin, Alexander"]
[Result "0-1"]
[WhiteElo "2230"]
[BlackElo "2535"]

1.Nf3 d5 2.g3 Nc6 3.d4 Bg4 4.Bg2 Qd7 5.h3 Bh5 6.Nbd2 O-O-O 7.c3 f6 8.b4 e5
9.b5 Nb8 10.dxe5 Qxb5 11.exf6 Nxf6 12.O-O Nc6 13.Rb1 Qa6 14.a4 Ne4 15.Bb2 Bc5
16.g4 Bg6 17.Ra1 Nxf2  0-1

[Event "Petrov mem"]
[Site "St Petersburg"]
[Date "1998.??.??"]
[Round "4"]
[White "Nikolaev, Nikita"]
[Black "Ter Minasjan, Dmitry"]
[Result "1-0"]
[WhiteElo "2330"]
[BlackElo "2235"]

1.Nf3 d5 2.g3 c6 3.Bg2 Nf6 4.O-O Bg4 5.d3 Nbd7 6.Nbd2 e5 7.e4 dxe4 8.dxe4 Bc5
9.b3 O-O 10.Bb2 Qc7 11.Qe2 Rfe8 12.Nc4 Bf8 13.a4 Nc5 14.h3 Bxf3 15.Bxf3 a5
16.Bc3 b6 17.Rfd1 Na6 18.Qe3 Bb4 19.Nxb6 Rab8 20.Nc4 h6 21.Rd2 Bc5 22.Qe2 Nb4
23.Rad1 Ra8 24.Bb2 Rab8 25.Bg2 Kh7 26.Qf3 Re6 27.Qf5+ g6 28.Qf3 Qe7 29.h4 h5
30.Bh3 Ng4 31.Rd7 Rf6 32.Bxg4 Rxf3 33.Bxf3 Qe6 34.Nxe5 Rf8 35.Rb7 Qf6 36.Rdd7 Kg8
37.Nxf7 Rxf7 38.Bxf6 Rxf6 39.Kg2 Nxc2 40.Rb8+ Bf8 41.Be2  1-0

[Event "Petrov mem"]
[Site "St Petersburg"]
[Date "1998.??.??"]
[Round "7"]
[White "Loginov, Valery A"]
[Black "Kharlov, Andrei"]
[Result "1/2-1/2"]
[WhiteElo "2500"]
[BlackElo "2560"]

1.Nf3 d5 2.g3 Bg4 3.Bg2 Nd7 4.c4 c6 5.cxd5 cxd5 6.Nc3 Ngf6 7.Qb3 e6 8.d4 Bxf3
9.Bxf3 Qb6 10.O-O Be7 11.Bf4 O-O 12.Qxb6  1/2-1/2

[Event "Petrov mem"]
[Site "St Petersburg"]
[Date "1998.??.??"]
[Round "7"]
[White "Karasev, Vladimir I"]
[Black "Alavkin, Arseny"]
[Result "1-0"]
[WhiteElo "2370"]
[BlackElo "2440"]

1.Nf3 d5 2.g3 Bg4 3.Bg2 Nd7 4.c4 c6 5.cxd5 cxd5 6.Qb3 Nc5 7.Qb4 Bxf3 8.Qb5+ Qd7
9.Qxd7+ Nxd7 10.Bxf3 e6 11.Nc3 Ngf6 12.Nb5 Kd8 13.b3 a6 14.Nd4 Rc8 15.Bb2 Bd6
16.O-O Ke7 17.Rfc1 g6 18.Bg2 Rhd8 19.d3 h6 20.h3 h5 21.Nf3 Nb6 22.Ne5 Nfd7
23.Nf3 Nf6 24.Ng5 Nfd7 25.f4 h4 26.gxh4 Bxf4 27.Ba3+ Ke8 28.Rf1 Be3+ 29.Kh1 Ne5
30.Bb2 Nbd7 31.d4 Rc2 32.Rab1 Rxb2 33.Rxb2 Bxd4 34.Rc2 Bb6 35.h5 gxh5 36.Nf3 Ke7
37.Nxe5 Nxe5 38.Bf3 h4 39.Bg2 Ng6 40.a4 f5 41.b4 Kd6 42.a5 Be3 43.Rc3 f4
44.Rb1 Ne7 45.b5 Nf5 46.bxa6 bxa6 47.Bf3 Rg8 48.Kh2 Bd4 49.Rcc1 Ne3 50.Rb7 Nc4
51.Rd1 Bc5 52.Rh7 Nxa5 53.Rh6 d4 54.Rxh4 Nc4 55.Rxf4 a5 56.Ra1 Nd2 57.Bg2 Nb3
58.Ra2 Ke7 59.Rg4 Rc8 60.Be4 Bd6+ 61.Kg2 Kf6 62.Rg6+ Kf7 63.Rg5 Kf6 64.h4 Nc5
65.Rg6+ Kf7 66.Rg4 a4 67.Bc2 Nb3 68.Bg6+ Kf6 69.Rxa4 Bf8 70.Bd3 Rc7 71.h5 Rg7
72.Rxg7 Bxg7 73.Rb4 Nc5 74.Rxd4 Kg5 75.Rc4 Nxd3 76.exd3 Kxh5 77.Rc6  1-0